Central Library OPAC University of Rajshahi

The Buddha's "Way of virtue"; (Record no. 31459)

MARC details
000 -LEADER
fixed length control field 00767cam a2200241u 4500
001 - CONTROL NUMBER
control field 31459
003 - CONTROL NUMBER IDENTIFIER
rucl marc code BD-RjUL
005 - DATE AND TIME OF LATEST TRANSACTION
control field 20211209051714.0
008 - FIXED-LENGTH DATA ELEMENTS--GENERAL INFORMATION
fixed length control field 140416r19271912enk 000 0 eng d
035 ## - SYSTEM CONTROL NUMBER
System control number (BD-RjUL)31547
040 ## - CATALOGING SOURCE
Original cataloging agency DLC
Transcribing agency CarP
Modifying agency DLC
-- BD-RjUL
Language of cataloging eng
041 ## - LANGUAGE CODE
Language code of text/sound track or separate title eng
082 04 - DEWEY DECIMAL CLASSIFICATION NUMBER
Edition number 20
Classification number 294.3
Author mark and year BUD 1927
245 14 - TITLE STATEMENT
Title The Buddha's "Way of virtue";
Statement of responsibility, etc. W. D. C Wagiswara and Kenneth James Saunders
260 ## - PUBLICATION, DISTRIBUTION, ETC. (IMPRINT)
Place of publication, distribution, etc. London :
Name of publisher, distributor, etc. J. Murray,
Date of publication, distribution, etc. 1912 [Reprinted 1927]
300 ## - PHYSICAL DESCRIPTION
Pagination 112 p. ;
Size 17 cm.
650 #0 - SUBJECT ADDED ENTRY--TOPICAL TERM
Topical term or geographic name as entry element Buddhism.
9 (RLIN) 95713
700 1# - ADDED ENTRY--PERSONAL NAME
Personal name Wagiswara, W. D. C., [from old catalog]
Relator term tr.
Personal name Saunders, Kenneth James,
Dates associated with a name 1883- [from old catalog]
Relator term joint tr.
942 ## - ADDED ENTRY ELEMENTS (KOHA)
Source of classification or shelving scheme Dewey Decimal Classification
Koha item type Books
Holdings
Lost status Source of classification or shelving scheme Damaged status Not for loan Collection code Permanent Location Current Location Shelving location Date acquired Source of acquisition Total Checkouts Full call number Date last seen Copy number Koha item type
  Dewey Decimal Classification   Not For Loan Non-fiction Central Library, University of Rajshahi Central Library, University of Rajshahi Reading Room 18/01/1958 Spaleding Trust Gift   294.3 BUD 1927 16/04/2014 C-2 Books